|
|
|
|
| LEADER |
00000nam0a2200000 4500 |
| 001 |
251092 |
| 005 |
20231101232626.0 |
| 035 |
|
|
|a (RuTPU)RU\TPU\book\273348
|
| 090 |
|
|
|a 251092
|
| 100 |
|
|
|a 20140219d1987 k y0rusy50 ca
|
| 101 |
0 |
|
|a rus
|
| 102 |
|
|
|a RU
|
| 105 |
|
|
|a a z 001zy
|
| 200 |
1 |
|
|a Вопросы повышения эффективности разработки нефтяных месторождений
|e сборник научных трудов
|f Всесоюзный нефтегазовый научно-исследовательский институт (ВНИИ) ; отв. за вып. М. Л. Сургучева
|
| 210 |
|
|
|a Москва
|c Изд-во ВНИИ
|d 1987
|
| 215 |
|
|
|a 174 с.
|c ил.
|
| 225 |
1 |
|
|a Труды Всесоюзного нефтегазового научно-исследовательского института (ВНИИ)
|v Вып. 100
|x 0132-9243
|
| 320 |
|
|
|a Библиогр. в конце ст.
|
| 606 |
1 |
|
|a Нефтяные месторождения
|x Системы разработки
|2 stltpush
|3 (RuTPU)RU\TPU\subj\45964
|9 65153
|
| 610 |
1 |
|
|a нефтяные залежи
|
| 610 |
1 |
|
|a технологическая эффективность
|
| 610 |
1 |
|
|a нефтяные пласты
|
| 610 |
1 |
|
|a фильтрация
|
| 610 |
1 |
|
|a заводнения
|
| 610 |
1 |
|
|a нагнетание
|
| 610 |
1 |
|
|a нефтеотдача
|
| 610 |
1 |
|
|a водорастворимые композии
|
| 610 |
1 |
|
|a научные труды
|
| 675 |
|
|
|a 622.276
|v 3
|
| 702 |
|
1 |
|a Сургучев
|b М. Л.
|4 540
|
| 712 |
0 |
2 |
|a Всесоюзный нефтегазовый научно-исследовательский институт (ВНИИ)
|c (Москва)
|c (1953-1987)
|2 stltpush
|3 (RuTPU)RU\TPU\col\11487
|
| 801 |
|
1 |
|a RU
|b 63413507
|c 20140219
|
| 801 |
|
2 |
|a RU
|b 63413507
|c 20231011
|g RCR
|
| 942 |
|
|
|c BK
|